000 01047nmc a2200361 a 4500
003 AR-BaBNM
005 20251128203848.0
008 075019s1979 ||||||||||||||000 | spa||
040 _cAR-BaBNM
100 1 _aBecker, Georg E.
245 1 0 _aSituaciones en la enseñanza
_bmotivación y presentación. 2
260 _aBuenos Aires
_bKapelusz
_c1979
300 0 _a105 p.
490 0 _aBiblioteca de cultura pedagógica
504 _aContiene bibliografía
650 4 _aFORMACION DE DOCENTES
650 4 _aMETODOS DE ENSENANZA
650 4 _aROL DEL DOCENTE
650 4 _aSEMINARIOS [METODO PEDAGOGICO]
650 4 _aPROCESO DE APRENDIZAJE
650 4 _aPRACTICA DOCENTE
650 4 _aREFORMA DE LA EDUCACION
650 4 _aROL DEL DOCENTE
650 4 _aFORMADORES DE DOCENTES
650 4 _aTECNICAS DE ENSENANZA
650 4 _aPLANIFICACION DE LA CLASE
650 4 _aTEORIAS DEL APRENDIZAJE
653 0 _aEVALUACION EDUCATIVA
700 1 _aClemens-Lodde, Beate
700 1 _aKöl, Karl
942 _cBK
998 _cGrace
999 _c5232
_d5232